Detalles MARC
| 000 -CABECERA |
| campo de control de longitud fija |
02362nam a2200265 i 4500 |
| 003 - IDENTIFICADOR DEL NÚMERO DE CONTROL |
| campo de control |
DO-SdBNP |
| 005 - FECHA Y HORA DE LA ÚLTIMA TRANSACCIÓN |
| campo de control |
20240715092554.0 |
| 006 - CÓDIGOS DE INFORMACIÓN DE LONGITUD FIJA--CARACTERÍSTICAS DEL MATERIAL ADICIONAL |
| campo de control de longitud fija |
a||||gr|||| 00| 0 |
| 007 - CAMPO FIJO DE DESCRIPCIÓN FÍSICA--INFORMACIÓN GENERAL |
| campo de control de longitud fija |
ta |
| 008 - DATOS DE LONGITUD FIJA--INFORMACIÓN GENERAL |
| campo de control de longitud fija |
240408m20032004dr adc|| |||| 00| 0 spa d |
| 040 ## - FUENTE DE LA CATALOGACIÓN |
| Centro catalogador/agencia de origen |
DO-SdBNP |
| Lengua de catalogación |
spa |
| Centro/agencia transcriptor |
BNPHU |
| Normas de descripción |
dr |
| 082 #4 - NÚMERO DE LA CLASIFICACIÓN DECIMAL DEWEY |
| Número de edición |
22 |
| Número de documento/Ítem |
P273r |
| 100 1# - ENTRADA PRINCIPAL--NOMBRE DE PERSONA |
| Nombre de persona |
Olivares Eddy |
| 9 (RLIN) |
33814 |
| Término indicativo de función/relación |
autor |
| 245 10 - MENCIÓN DE TÍTULO |
| Título |
Rendición de cuentas a la comunidad: |
| Resto del título |
memorias sobre el primer año de gestion agosto 2003 - 2004/ |
| Mención de responsabilidad, etc. |
Eddy Olivares |
| 246 14 - FORMA VARIANTE DE TÍTULO |
| Título propio/Titulo breve |
Rendición de cuentas de la fiscalía a la comunidad: |
| Resto del título |
informe del Magistrado Porucurador Fiscal de la provincia Santo Domingo, Lic, Eddy Olivares, |
| 264 ## - PRODUCCIÓN, PUBLICACIÓN, DISTRIBUCIÓN, FABRICACIÓN Y COPYRIGHT |
| Producción, publicación, distribución, fabricación y copyright |
Santo Domingo : |
| Nombre del de productor, editor, distribuidor, fabricante |
USAID, |
| Fecha de producción, publicación, distribución, fabricación o copyright |
2003 - 2004 |
| 300 ## - DESCRIPCIÓN FÍSICA |
| Extensión |
xiii, 101 páginas : |
| Otras características físicas |
Ilustraciones, gráficas, retratos ; |
| Dimensiones |
21 cm. |
| 336 ## - TIPO DE CONTENIDO |
| Fuente |
rdacontent |
| Término de tipo de contenido |
texto |
| Código de tipo de contenido |
txt |
| 337 ## - TIPO DE MEDIO |
| Fuente |
rdamedia |
| Nombre/término del tipo de medio |
sin mediación |
| Código del tipo de medio |
n |
| 338 ## - TIPO DE SOPORTE |
| Fuente |
rdacarrier |
| Nombre/término del tipo de soporte |
volumen |
| Código del tipo de soporte |
nc |
| 505 ## - NOTA DE CONTENIDO CON FORMATO |
| Nota de contenido con formato |
Presentación.-- |
| Información miscelánea |
Introducción. |
| -- |
Capítulo I. |
| Título |
La Identidad Visual de la Fiscalía.-- La Misión.-- La Visión.-- |
| Información miscelánea |
Capítulo II. |
| Título |
Origen de la Provincia Santo Domingo.-- Cración e instalación del Distrito Judicial.-- Designación de los Jueces e instalación de los Trinitarios.-- |
| Información miscelánea |
Capítulo III. |
| Título |
Instalación de la Fiscalía.-- Gestión para el Presupuesto de la Suprema Corte de Justicia.-- Diligencias para un Presupuesto Especial para la fiscalía.-- |
| Información miscelánea |
Capítulo IV. |
| Título |
Inicio de actividades.-- La Estructura de la Fiscalía.-- |
| Información miscelánea |
Capítulo V. |
| Título |
Informes delos Departamentos de la Fiscalía.--Querellas y Conciliaciones.-- Mediación comunitaria.-- Forma de selección de los Mediadores Comunitarios.--Destacamento de la Policía Nacional.-- Departamento de Salas Penales.-- Departamento de asuntos Civiles y Ejecuciones.-- Departamento de Familia y Menores.-- Destacamento de Protección a la Mujer y la Familia de Alma Rosa.-- Departamento de Abuso Sexual.-- Delitos contra la vida (Homicidio).-- Departamento Médico Legista.-- Delito contra la Propiedad (Robo).-- Departamento de Recuperación de Vehículos.-- Departamento de Falsificaciones.-- Dirección Nacional de Control de Drogas.-- Propiedad Intelectual.-- |
| Información miscelánea |
Capítulo VI. |
| Título |
La Seguridad ciudadana en la Provincia Santo Domingo.-- Encuentros con los barrios.-- |
| -- |
Anexos. |
| 590 ## - NOTA LOCAL (RLIN) |
| Nota local |
Inventariado 2024 / MF |
| 710 ## - PUNTO DE ACCESO ADICIONAL--NOMBRE DE ENTIDAD CORPORATIVA |
| Nombre de entidad corporativa o nombre de jurisdicción como elemento de entrada |
Estados Unidos . |
| Unidad subordinada |
Agency for International Development |
| 9 (RLIN) |
83946 |
| 942 ## - ELEMENTOS DE PUNTO DE ACCESO ADICIONAL (KOHA) |
| Fuente del sistema de clasificación o colocación |
Dewey Decimal Classification |
| Tipo de ítem Koha |
Libro |